Southville International School and Colleges
Your cart is empty.
  • Cart
  • Lists
    Public lists Eva Luna New books Lux_list list_1
    Your lists Log in to create your own lists
  • Log in to your account
  • Your cookies
  • Search history
Southville International School and Colleges
  • Advanced search
  • Recent comments
  • Most popular
  • Libraries

Log in to your account

Log in with GOOGLE


If you do not have an external account, but do have a local account, you can still log in:

  1. Home
  2. MARC view: How to be your own best friend;
Normal view MARC view ISBD view

How to be your own best friend; (Record no. 288445)

[ view plain ]
MARC details
000 -LEADER
fixed length control field 00877cam a2200277 4500
001 - CONTROL NUMBER
control field 3600485
003 - CONTROL NUMBER IDENTIFIER
control field PILC
005 - DATE AND TIME OF LATEST TRANSACTION
control field 20150824104141.0
008 - FIXED-LENGTH DATA ELEMENTS--GENERAL INFORMATION
fixed length control field 711117s1971 nyu 000 0 eng
010 ## - LIBRARY OF CONGRESS CONTROL NUMBER
LC control number 70177270
020 ## - INTERNATIONAL STANDARD BOOK NUMBER
International Standard Book Number 0912648015
040 ## - CATALOGING SOURCE
Original cataloging agency DLC
Transcribing agency DLC
Modifying agency DLC
050 00 - LIBRARY OF CONGRESS CALL NUMBER
Classification number BF 637.S4
Item number .N48 1971
082 00 - DEWEY DECIMAL CLASSIFICATION NUMBER
Classification number 158/.1
100 1# - MAIN ENTRY--PERSONAL NAME
Personal name Newman, Mildred,
Dates associated with a name 1920-
245 10 - TITLE STATEMENT
Title How to be your own best friend;
Remainder of title a conversation with two psychoanalysts
Statement of responsibility, etc Mildred Newman, Bernard Berkowitz, and Jean Owen.
260 ## - PUBLICATION, DISTRIBUTION, ETC. (IMPRINT)
Place of publication, distribution, etc New York,
Name of publisher, distributor, etc Distributed by Lark Pub. Co.,
Date of publication, distribution, etc 1971.
300 ## - PHYSICAL DESCRIPTION
Extent 59 pages ;
Dimensions 21 cm.
350 ## - PRICE (NR) (BK AM CF MU VM SE) [OBSOLETE]
Price $4.95
500 ## - GENERAL NOTE
General note "A Coolmain book."
650 #0 - SUBJECT ADDED ENTRY--TOPICAL TERM
Topical term or geographic name as entry element Self-actualization (Psychology)
700 1# - ADDED ENTRY--PERSONAL NAME
Personal name Berkowitz, Bernard,
Dates associated with a name 1909-
Relator term joint author.
700 1# - ADDED ENTRY--PERSONAL NAME
Personal name Owen, Jean.
906 ## - LOCAL DATA ELEMENT F, LDF (RLIN)
a 7
b cbc
c orignew
d 2
e ncip
f 19
g y-gencatlg
942 ## - ADDED ENTRY ELEMENTS (KOHA)
Source of classification or shelving scheme Library of Congress Classification
Koha item type Books
Call number prefix Foreign
Holdings
Withdrawn status Lost status Source of classification or shelving scheme Damaged status Home library Current library Shelving location Date acquired Source of acquisition Total Checkouts Full call number Barcode Date last seen Price effective from Koha item type
    Library of Congress Classification   Archives Archives   08/24/2015 Donation   BF 637.S4 .N48 1971 C19738 04/22/2017 08/24/2015 Books

How to be your own best friend;

APA

Newman M., Berkowitz B. & Owen J. (1971). How to be your own best friend. New York: Distributed by Lark Pub. Co.

Chicago

Newman Mildred, Berkowitz Bernard and Owen Jean. 1971. How to be your own best friend. New York: Distributed by Lark Pub. Co.

Harvard

Newman M., Berkowitz B. and Owen J. (1971). How to be your own best friend. New York: Distributed by Lark Pub. Co.

MLA

Newman Mildred, Berkowitz Bernard and Owen Jean. How to be your own best friend. New York: Distributed by Lark Pub. Co. 1971.

  • Place hold
  • Print
  • Cite
  • Add to your cart (remove)
  • Save record
    BIBTEX Dublin Core MARCXML MARC (non-Unicode/MARC-8) MARC (Unicode/UTF-8) MARC (Unicode/UTF-8, Standard) MODS (XML) RIS
  • More searches
    Search for this title in:
    Other Libraries (WorldCat) Other Databases (Google Scholar) Online Stores (Bookfinder.com) Open Library (openlibrary.org)

Exporting to Dublin Core...

SOUTHVILLE LIBRARY

Southville International School and Colleges Library

1281 Tropical Ave. Cor. Luxembourg St., BF Homes International, Las Pinas City

Tel. No. 8256374 / 252358 Loc. 117/146

Powered by Koha